| 000 | 00888nam a22002537a 4500 | ||
|---|---|---|---|
| 005 | 20101215143842.0 | ||
| 008 | 101215t xxu||||| |||| 00| 0 eng d | ||
| 010 | _aENG-101814 | ||
| 020 |
_a9788120341395 _c395.00 |
||
| 035 | _aEN-85347 | ||
| 037 | _bDBAD / PUB | ||
| 040 |
_adpl _bEng |
||
| 082 | _a005.52 | ||
| 100 |
_aJoyce, Cox _924780 |
||
| 245 | 1 |
_aMicrosoft Word 2010 step by step / _cby Joyce Cox [and] Joan Lambert |
|
| 260 |
_aNew Delhi _bPrentice-Hall of India _c2011 |
||
| 270 |
_aM-97, Connaught Circus _bNew Delhi _e110 001 |
||
| 300 |
_axxix, 493p. : _c24cm (pbk) _bill |
||
| 500 | _aIncludes index | ||
| 650 | _924807 | ||
| 700 |
_aLambert, Joan _924781 |
||
| 942 |
_adpl _cEN _2ddc _h005.52 _mCOX |
||
| 999 |
_c49201 _d49201 |
||